000 00990nam0a2200313 4500
001 RU\NLR\bibl\1423618
005 20250615215435.0
010 _a978-5-486-03035-2
_bв пер.
_97000
021 _aRU
_b2009-64125
_93951
035 _a(nilc)RSL-KNO-004370262
035 _a(NLR Aleph) 001415549
090 _a1309725
_c1309725
100 _a20090731d2009 |||y0rusy50 ca
101 1 _arus
_cger
102 _aRU
105 _ay |||||||||
200 1 _aВ плену красной Луны
_fС. Гастингс
_g[пер. с нем. Н. А. Якобсон]
210 _aМосква
_cМир книги
_d2009
215 _a334 с.
_d21
225 1 _aВлюбленные сердца
686 _aШ5(4Ф)62-644
_2rubbk
686 _aШ6(4Ф)07-446{Лх1359.2-60}
700 1 _aГастингс
_bС.
_gСьюзен
_4070
801 0 _aRU
_bРКП
_c20090731
_grcr
801 1 _aRU
_bРГБ
_c20090731
801 2 _aRU
_bNLR
_c20091014
_grcr
942 _cBOOK
980 _aNB